[Event "Poznan op 28th"]
[Site "Poznan"]
[Date "2021.08.16"]
[Round "3"]
[White "Huchwajda, Grzegorz"]
[Black "Michalski, Karol"]
[Result "0-1"]
[WhiteElo "1440"]
[BlackElo "2010"]
[PlyCount "48"]
[EventDate "2021.08.15"]
[EventType "swiss"]
[EventRounds "9"]
[EventCountry "POL"]
[SourceTitle "CBM 203 Extra"]
[Source "ChessBase"]
[SourceDate "2021.09.30"]
[SourceVersion "1"]
[SourceVersionDate "2021.09.30"]
[SourceQuality "1"]

1. e4 g6 2. d4 Bg7 3. h3 c5 4. Nf3 cxd4 5. Nxd4 Nc6 6. Be3 Nf6 7. Nc3 0-0 8. Qd2 d5 9. Nxc6 bxc6 10. Rd1 Bb7 11. exd5 cxd5 12. Bh6 Bxh6 13. Qxh6 d4 14. Qh4 e5 15. Ne2 Qa5+ 16. c3 dxc3 17. Nxc3 Ne4 18. Rc1 Rac8 19. Bd3 Nxc3 20. bxc3 Rxc3 21. Rxc3 Qxc3+ 22. Ke2 Qb2+ 23. Ke3 f5 24. Rb1 f4+ 0-1

[Event "Poznan op 28th"]
[Site "Poznan"]
[Date "2021.08.15"]
[Round "1"]
[White "Stempin, Pawel"]
[Black "Huchwajda, Grzegorz"]
[Result "1-0"]
[WhiteElo "2356"]
[BlackElo "1440"]
[PlyCount "57"]
[EventDate "2021.08.15"]
[EventType "swiss"]
[EventRounds "9"]
[EventCountry "POL"]
[SourceTitle "CBM 203 Extra"]
[Source "ChessBase"]
[SourceDate "2021.09.30"]
[SourceVersion "1"]
[SourceVersionDate "2021.09.30"]
[SourceQuality "1"]

1. d4 d5 2. c4 dxc4 3. Nf3 Nf6 4. Nc3 a6 5. e4 Bg4 6. Bxc4 e6 7. Be3 b5 8. Bd3 Nbd7 9. a4 b4 10. Ne2 c5 11. Rc1 Bxf3 12. gxf3 cxd4 13. Nxd4 Bc5 14. 0-0 Bxd4 15. Bxd4 e5 16. Be3 a5 17. Bb5 0-0 18. Qd6 Rc8 19. Rxc8 Qxc8 20. Rc1 Qb8 21. Rd1 Qxd6 22. Rxd6 Nb8 23. Bb6 Ne8 24. Rd8 Nf6 25. Bxa5 Rxd8 26. Bxd8 Nfd7 27. Bc7 f6 28. Bxb8 Nxb8 29. a5 1-0

[Event "Trzcianka Dziedzic Memorial 9th"]
[Site "Trzcianka"]
[Date "2019.10.13"]
[Round "1"]
[White "Jaroch, Karol"]
[Black "Huchwajda, Grzegorz"]
[Result "1-0"]
[WhiteElo "2357"]
[BlackElo "1372"]
[PlyCount "61"]
[EventDate "2019.10.13"]
[EventType "swiss (rapid)"]
[EventRounds "9"]
[EventCountry "POL"]
[SourceTitle "CBM 192 Extra"]
[Source "Chessbase"]
[SourceDate "2019.11.06"]
[SourceVersion "1"]
[SourceVersionDate "2019.11.06"]
[SourceQuality "1"]

1. e4 c5 2. Nf3 e6 3. Nc3 Nc6 4. Bb5 Nd4 5. Nxd4 cxd4 6. Ne2 Qg5 7. Nxd4 Qxg2 8. Qf3 Qg6 9. d3 a6 10. Ba4 Nf6 11. Be3 Rb8 12. Qe2 b5 13. Bb3 Bb7 14. 0-0-0 h6 15. Rhg1 Qh7 16. Bf4 Rc8 17. Kb1 Bc5 18. Nf3 0-0 19. Rg2 Kh8 20. Rdg1 Rg8 21. Ne5 g5 22. Bd2 d6 23. Ng4 Nxg4 24. Qxg4 f5 25. Qh5 d5 26. h4 fxe4 27. dxe4 Rcf8 28. hxg5 Bxf2 29. Rh1 Bd4 30. g6 Qg7 31. Bxh6 1-0

[Event "Poznan op 27th"]
[Site "Poznan"]
[Date "2019.08.23"]
[Round "7"]
[White "Golinska, Patrycja"]
[Black "Huchwajda, Grzegorz"]
[Result "0-1"]
[WhiteElo "1203"]
[BlackElo "1470"]
[PlyCount "96"]
[EventDate "2019.08.18"]
[EventType "swiss"]
[EventRounds "9"]
[EventCountry "POL"]
[SourceTitle "EXT 2020"]
[Source "ChessBase"]
[SourceDate "2019.10.17"]
[SourceVersion "1"]
[SourceVersionDate "2019.10.17"]
[SourceQuality "1"]

1. e4 c5 2. Nf3 a6 3. d4 cxd4 4. Nxd4 Nf6 5. Nc3 e5 6. Nf3 Bb4 7. Bg5 h6 8. Bxf6 Bxc3+ 9. bxc3 Qxf6 10. Bc4 d6 11. 0-0 0-0 12. Rb1 b5 13. Bd5 Ra7 14. c4 Bd7 15. cxb5 axb5 16. Re1 Na6 17. Re3 Nc5 18. Nd2 Qd8 19. Rg3 Kh7 20. Qh5 g6 21. Qf3 Ne6 22. Bxe6 fxe6 23. Qg4 Qe8 24. a3 Bc6 25. Rbb3 Rf4 26. Qe2 Raf7 27. Rgf3 Qf8 28. Rxf4 exf4 29. Nf3 e5 30. Qd3 Rf6 31. h3 Qa8 32. Rb4 Qe8 33. c4 bxc4 34. Qxc4 Kg7 35. Rb6 d5 36. exd5 Bxd5 37. Qc7+ Rf7 38. Qd6 Rd7 39. Qxg6+ Qxg6 40. Rxg6+ Kh7 41. Nxe5 Re7 42. Nc6 Re1+ 43. Kh2 Kxg6 44. Nb4 Ba8 45. f3 Ra1 46. Nc2 Ra2 47. Nd4 Rxa3 48. Ne6 Ra4 0-1

[Event "Poznan op 27th"]
[Site "Poznan"]
[Date "2019.08.21"]
[Round "5"]
[White "Aleksandrowicz, Marek"]
[Black "Huchwajda, Grzegorz"]
[Result "1-0"]
[WhiteElo "1887"]
[BlackElo "1470"]
[PlyCount "73"]
[EventDate "2019.08.18"]
[EventType "swiss"]
[EventRounds "9"]
[EventCountry "POL"]
[SourceTitle "EXT 2020"]
[Source "ChessBase"]
[SourceDate "2019.10.17"]
[SourceVersion "1"]
[SourceVersionDate "2019.10.17"]
[SourceQuality "1"]

1. e4 c5 2. Nf3 e6 3. g3 Nc6 4. Bg2 Nf6 5. Qe2 e5 6. 0-0 Be7 7. c3 d6 8. Re1 Bg4 9. h3 Bh5 10. g4 Bg6 11. d3 h6 12. Nbd2 Qc7 13. Nf1 0-0 14. Ng3 d5 15. Nh4 dxe4 16. Nxg6 fxg6 17. Nxe4 Rad8 18. Be3 b6 19. Nxf6+ Bxf6 20. Rf1 Rfe8 21. Be4 g5 22. Rfc1 Qd6 23. Qf3 Ne7 24. a3 a5 25. Rab1 Rc8 26. Qd1 Kh8 27. b4 Rb8 28. Qb3 Rf8 29. Qc4 Rfc8 30. bxc5 bxc5 31. a4 Rb6 32. Rb5 Rxb5 33. Qxb5 Qc7 34. Rb1 g6 35. Qc4 Rb8 36. Rxb8+ Qxb8 37. Qxc5 1-0

[Event "Poznan op 27th"]
[Site "Poznan"]
[Date "2019.08.20"]
[Round "4"]
[White "Sobczak, Miroslaw"]
[Black "Huchwajda, Grzegorz"]
[Result "0-1"]
[WhiteElo "1865"]
[BlackElo "1470"]
[PlyCount "80"]
[EventDate "2019.08.18"]
[EventType "swiss"]
[EventRounds "9"]
[EventCountry "POL"]
[SourceTitle "EXT 2020"]
[Source "ChessBase"]
[SourceDate "2019.10.17"]
[SourceVersion "1"]
[SourceVersionDate "2019.10.17"]
[SourceQuality "1"]

1. e4 c5 2. Nc3 Nc6 3. f4 g6 4. Nf3 Bg7 5. Bc4 e6 6. f5 gxf5 7. d3 Nge7 8. 0-0 0-0 9. Bg5 h6 10. Bd2 a6 11. a4 d5 12. exd5 exd5 13. Bb3 d4 14. Ne2 Be6 15. Nc1 Nd5 16. Qe1 Kh7 17. Nh4 Nce7 18. Rf3 Qc7 19. Ne2 b5 20. Kh1 c4 21. Ba2 Rac8 22. Ng3 f4 23. Qe4+ Kh8 24. Nh5 Bg4 25. Nxg7 Bxf3 26. gxf3 Kxg7 27. Rg1+ Kh8 28. Qxd4+ f6 29. dxc4 bxc4 30. Qe4 Rg8 31. Ng6+ Rxg6 32. Rxg6 Nxg6 33. Qxd5 Rd8 34. Ba5 Rxd5 35. Bxc7 Rd1+ 36. Kg2 Rd2+ 37. Kh3 Rxc2 38. Bb1 Rxb2 39. Bxg6 Kg7 40. Be4 c3 0-1

[Event "Poznan op 26th"]
[Site "Poznan"]
[Date "2018.08.24"]
[Round "7"]
[White "Huchwajda, Grzegorz"]
[Black "Korzystka, Wiktor"]
[Result "1-0"]
[WhiteElo "1531"]
[BlackElo "1261"]
[PlyCount "50"]
[EventDate "2018.08.19"]
[EventType "swiss"]
[EventRounds "9"]
[EventCountry "POR"]
[SourceTitle "CBM 186 Extra"]
[Source "ChessBase"]
[SourceDate "2018.08.24"]
[SourceVersion "1"]
[SourceVersionDate "2018.08.24"]
[SourceQuality "1"]

1. e4 e5 2. Nf3 Nc6 3. Nc3 Bc5 4. Nxe5 Nxe5 5. d4 Bxd4 6. Qxd4 Qf6 7. Nb5 Kd8 8. Qc5 Qe7 9. Qxc7+ Ke8 10. Nd6+ Kf8 11. Nxc8 Qb4+ 12. Bd2 Qxe4+ 13. Be2 Nc6 14. Be3 Qxc2 15. Bf3 Nge7 16. Nxe7 Kxe7 17. Bxc6 bxc6 18. Qe5+ Kd8 19. 0-0 f6 20. Qa5+ Ke7 21. Rfe1 Kf7 22. Qh5+ g6 23. Qc5 Qxb2 24. Bd4 Qb5 25. Qe7+ Kg8 1-0

[Event "Poznan op 26th"]
[Site "Poznan"]
[Date "2018.08.23"]
[Round "6"]
[White "Lisiecki, Robert"]
[Black "Huchwajda, Grzegorz"]
[Result "1-0"]
[WhiteElo "1759"]
[BlackElo "1531"]
[PlyCount "65"]
[EventDate "2018.08.19"]
[EventType "swiss"]
[EventRounds "9"]
[EventCountry "POR"]
[SourceTitle "CBM 186 Extra"]
[Source "ChessBase"]
[SourceDate "2018.08.24"]
[SourceVersion "1"]
[SourceVersionDate "2018.08.24"]
[SourceQuality "1"]

1. e4 c5 2. b3 Nc6 3. Bb2 e5 4. Bc4 g6 5. f4 Bg7 6. Nf3 d6 7. 0-0 Nge7 8. fxe5 0-0 9. Ng5 d5 10. exd5 Nxd5 11. Nxf7 Rxf7 12. Rxf7 Kxf7 13. Qf3+ Ke6 14. Nc3 Nce7 15. Rf1 Bxe5 16. Qf7+ Kd7 17. Bb5+ Kd6 18. Ne4+ Kc7 19. Bxe5+ Kb6 20. Bc4 Bf5 21. Nf6 Nb4 22. c3 Nbc6 23. Bf4 Bd3 24. Re1 Bxc4 25. Qxc4 a6 26. b4 cxb4 27. cxb4 Ka7 28. b5 axb5 29. Qxb5 b6 30. Be3 Kb7 31. Rb1 Nc8 32. Ne4 Ra5 33. Nc5+ 1-0

[Event "Poznan op 25th"]
[Site "Poznan"]
[Date "2017.08.24"]
[Round "6"]
[White "Duszczak, Dariusz"]
[Black "Huchwajda, Grzegorz"]
[Result "1-0"]
[WhiteElo "1892"]
[BlackElo "1566"]
[PlyCount "121"]
[EventDate "2017.08.20"]
[EventType "swiss"]
[EventRounds "9"]
[EventCountry "POL"]
[SourceTitle "CBM 180 Extra"]
[Source "ChessBase"]
[SourceDate "2017.10.06"]
[SourceVersion "1"]
[SourceVersionDate "2017.10.06"]
[SourceQuality "1"]

1. e4 c5 2. Nf3 e6 3. c3 Nf6 4. e5 Nd5 5. d4 cxd4 6. cxd4 Nc6 7. Nc3 Nxc3 8. bxc3 d6 9. Bf4 Be7 10. Be2 0-0 11. 0-0 b6 12. Qd3 Bb7 13. exd6 Bxd6 14. Bxd6 Qxd6 15. Ng5 g6 16. Qh3 h5 17. Bxh5 Kg7 18. Ne4 Qd5 19. Bf3 Rh8 20. Qg3 Qd7 21. Rad1 f6 22. Rfe1 Rad8 23. Nd2 Na5 24. Bxb7 Nxb7 25. Nf1 Nd6 26. Ne3 Ne4 27. Qf3 Ng5 28. Qf4 Rhe8 29. Ng4 Qe7 30. h4 Nf7 31. Rd2 Rd5 32. Rde2 Rf5 33. Qg3 Nd8 34. Qd3 Qd7 35. c4 Rf4 36. Re4 Rxe4 37. Qxe4 Qb7 38. Qf4 Rf8 39. Qh6+ Kg8 40. Qxg6+ Qg7 41. Qh5 Qh7 42. Qxh7+ Kxh7 43. g3 Kg6 44. Kg2 Rf7 45. f4 Rd7 46. h5+ Kf7 47. Rd1 Nc6 48. d5 exd5 49. Rxd5 Rxd5 50. cxd5 Nd8 51. Ne3 b5 52. Kf3 a5 53. Ke4 b4 54. Kd3 a4 55. Nc2 b3 56. axb3 axb3 57. Nd4 b2 58. Kc2 Nb7 59. Kxb2 Nd6 60. Kb3 Ne4 61. Nf5 1-0

[Event "Poznan op 25th"]
[Site "Poznan"]
[Date "2017.08.23"]
[Round "5"]
[White "Huchwajda, Grzegorz"]
[Black "Pawlowski, Rafal"]
[Result "1-0"]
[WhiteElo "1566"]
[BlackElo "1752"]
[PlyCount "65"]
[EventDate "2017.08.20"]
[EventType "swiss"]
[EventRounds "9"]
[EventCountry "POL"]
[SourceTitle "CBM 180 Extra"]
[Source "ChessBase"]
[SourceDate "2017.10.06"]
[SourceVersion "1"]
[SourceVersionDate "2017.10.06"]
[SourceQuality "1"]

1. e4 c6 2. d4 d5 3. e5 Bf5 4. Nf3 e6 5. Be2 Nd7 6. 0-0 h6 7. Nbd2 Ne7 8. c4 dxc4 9. Nxc4 Nd5 10. Ne3 Bg6 11. Nxd5 cxd5 12. Bf4 Be7 13. Qb3 0-0 14. Rfc1 Nb6 15. Rc3 Rc8 16. Rac1 Qd7 17. Bb5 Rxc3 18. Rxc3 Qd8 19. a4 a5 20. Qd1 Bb4 21. Rc1 Qb8 22. Bd2 Rc8 23. Bxb4 axb4 24. Nd2 Rc7 25. a5 Na8 26. Nb3 Qa7 27. Rxc7 Nxc7 28. Bd3 Bxd3 29. Qxd3 Qa6 30. Qxa6 Nxa6 31. Nc5 Nxc5 32. dxc5 Kf8 33. c6 1-0

[Event "Poznan op 25th"]
[Site "Poznan"]
[Date "2017.08.22"]
[Round "4"]
[White "Huchwajda, Grzegorz"]
[Black "Zielinski, Tomasz"]
[Result "1-0"]
[WhiteElo "1566"]
[BlackElo "1215"]
[PlyCount "89"]
[EventDate "2017.08.20"]
[EventType "swiss"]
[EventRounds "9"]
[EventCountry "POL"]
[SourceTitle "CBM 180 Extra"]
[Source "ChessBase"]
[SourceDate "2017.10.06"]
[SourceVersion "1"]
[SourceVersionDate "2017.10.06"]
[SourceQuality "1"]

1. e4 e6 2. d4 d5 3. exd5 exd5 4. Nf3 Nf6 5. Bd3 Bd6 6. 0-0 0-0 7. Bg5 Bg4 8. h3 Bh5 9. Re1 Nbd7 10. Nbd2 c6 11. c4 Qc7 12. Qc2 Bg6 13. c5 Bf4 14. Bxf4 Qxf4 15. Re7 Rfe8 16. Rae1 Kf8 17. Rxe8+ Rxe8 18. Rxe8+ Kxe8 19. Bxg6 hxg6 20. b4 Ne4 21. a4 Nxd2 22. Qxd2 Qxd2 23. Nxd2 Nf8 24. Kf1 Ne6 25. Nf3 Ke7 26. g3 Kf6 27. Ke2 Kf5 28. Ke3 g5 29. b5 f6 30. Ne1 Nd8 31. Nd3 Ne6 32. Nb4 Nd8 33. f3 g6 34. g4+ Ke6 35. f4 gxf4+ 36. Kxf4 g5+ 37. Kf3 Kf7 38. Ke3 Ke7 39. Kf3 Kf7 40. Kg3 Kg6 41. a5 Kg7 42. a6 bxa6 43. bxc6 Ne6 44. Nxa6 Nxd4 45. c7 1-0

[Event "Poznan op 25th"]
[Site "Poznan"]
[Date "2017.08.20"]
[Round "1"]
[White "Malyovanyi, Yulian"]
[Black "Huchwajda, Grzegorz"]
[Result "1-0"]
[WhiteElo "2006"]
[BlackElo "1566"]
[PlyCount "99"]
[EventDate "2017.08.20"]
[EventType "swiss"]
[EventRounds "9"]
[EventCountry "POL"]
[SourceTitle "CBM 180 Extra"]
[Source "ChessBase"]
[SourceDate "2017.10.06"]
[SourceVersion "1"]
[SourceVersionDate "2017.10.06"]
[SourceQuality "1"]

1. e4 c5 2. Nf3 e6 3. d4 cxd4 4. Nxd4 Nf6 5. Nc3 Nc6 6. Be3 Bb4 7. f3 d5 8. Bb5 Bd7 9. Bxc6 bxc6 10. e5 Ng8 11. Nb3 Ne7 12. a3 Bxc3+ 13. bxc3 0-0 14. 0-0 a5 15. a4 Qc7 16. Bc5 Rfe8 17. Bd6 Qa7+ 18. Bc5 Qa6 19. Bxe7 Rxe7 20. Nc5 Qa7 21. Qd4 Bc8 22. Rfb1 Rb8 23. f4 g6 24. h3 Re8 25. Rb3 Ba6 26. Rab1 Rxb3 27. Rxb3 Re7 28. g4 Bc4 29. Rb1 Qa8 30. Kh2 Re8 31. Nd7 Rd8 32. Nf6+ Kg7 33. Qb6 Rc8 34. Qc5 Rc7 35. Rb6 Rc8 36. Qe7 Be2 37. Rb7 Rf8 38. Kg3 Bd1 39. Rb2 Qd8 40. Qc5 Be2 41. Rb7 Qa8 42. Rc7 Bc4 43. Ra7 Qd8 44. Rxa5 Ba2 45. Ra7 Bb1 46. a5 Bxc2 47. a6 Bd3 48. Rd7 Qb8 49. a7 Qb1 50. Qxf8+ 1-0

[Event "Suwalki Warakomska Memorial-B 1st"]
[Site "Suwalki"]
[Date "2017.08.18"]
[Round "9"]
[White "Ziemski, Przemyslaw"]
[Black "Huchwajda, Grzegorz"]
[Result "1-0"]
[WhiteElo "1902"]
[BlackElo "1566"]
[PlyCount "87"]
[EventDate "2017.08.11"]
[EventType "swiss"]
[EventRounds "9"]
[EventCountry "POL"]
[SourceTitle "CBM 180 Extra"]
[Source "ChessBase"]
[SourceDate "2017.10.06"]
[SourceVersion "1"]
[SourceVersionDate "2017.10.06"]
[SourceQuality "1"]

1. e4 c5 2. c4 Nc6 3. Nc3 Nf6 4. g3 g6 5. Bg2 Bg7 6. Nge2 e5 7. 0-0 0-0 8. d3 d6 9. Rb1 Be6 10. a3 a5 11. h3 Qd7 12. Kh2 Rab8 13. Nb5 Nd4 14. Nexd4 cxd4 15. Bd2 b6 16. b4 axb4 17. Bxb4 Ne8 18. a4 f5 19. f3 g5 20. g4 f4 21. Ra1 Ra8 22. Rf2 h5 23. Rfa2 hxg4 24. hxg4 Rf6 25. a5 Rh6+ 26. Kg1 bxa5 27. Rxa5 Rxa5 28. Rxa5 Bf8 29. Ra2 Qd8 30. Qa4 Qf6 31. Nxd4 Bxg4 32. Ne2 Bxf3 33. Bxf3 g4 34. Bxg4 Qh4 35. Bf3 Rg6+ 36. Kf1 Qh3+ 37. Kf2 Qh4+ 38. Kf1 Qh3+ 39. Kf2 Qh2+ 40. Ke1 Rg1+ 41. Nxg1 Qxg1+ 42. Kd2 Qe3+ 43. Kc2 Qxf3 44. Qd7 1-0

[Event "Suwalki Warakomska Memorial-B 1st"]
[Site "Suwalki"]
[Date "2017.08.13"]
[Round "3"]
[White "Huchwajda, Grzegorz"]
[Black "Kupsik, Joanna"]
[Result "0-1"]
[WhiteElo "1566"]
[BlackElo "1703"]
[PlyCount "168"]
[EventDate "2017.08.11"]
[EventType "swiss"]
[EventRounds "9"]
[EventCountry "POL"]
[SourceTitle "CBM 180 Extra"]
[Source "ChessBase"]
[SourceDate "2017.10.06"]
[SourceVersion "1"]
[SourceVersionDate "2017.10.06"]
[SourceQuality "1"]

1. e4 c5 2. d4 cxd4 3. c3 dxc3 4. Nxc3 e6 5. Nf3 Nc6 6. Be2 a6 7. 0-0 Nge7 8. Bf4 Ng6 9. Bg3 d6 10. Rc1 Be7 11. Qd2 0-0 12. Rfd1 Nce5 13. Nxe5 dxe5 14. Qc2 Qe8 15. Na4 b5 16. Nb6 Rb8 17. Qc7 Rb7 18. Qxc8 Rxb6 19. Qxe8 Rxe8 20. Rd7 Rbb8 21. Ra7 Rec8 22. Rcc7 Rxc7 23. Rxc7 Bf8 24. Ra7 Rb6 25. Ra8 Rc6 26. Bf1 Rc2 27. Rxa6 Rxb2 28. Ra8 b4 29. f3 h6 30. Bc4 Kh7 31. Bf2 Rb1+ 32. Bf1 Rc1 33. g3 Rc3 34. Kg2 Rc2 35. Ra5 Be7 36. Bd3 Rd2 37. Bc4 Bg5 38. Kf1 Ne7 39. Ra6 Rc2 40. Bb3 Rc1+ 41. Ke2 Nc6 42. h4 Bf6 43. Kd2 Rc3 44. Ke2 Nd4+ 45. Bxd4 exd4 46. Rb6 Re3+ 47. Kf2 Be7 48. Rc6 Rc3 49. Rxc3 dxc3 50. f4 g6 51. e5 Kg7 52. Kf3 Bc5 53. Bc2 Kf8 54. g4 h5 55. gxh5 gxh5 56. f5 exf5 57. Bxf5 Bd4 58. Kf4 Ke7 59. Bc2 f6 60. exf6+ Kxf6 61. Ke4 Bf2 62. Kd5 Bxh4 63. Kc4 Ke5 64. Kxb4 Be1 65. Kb3 h4 66. Bd3 h3 67. Ba6 Kd4 68. Kc2 h2 69. Bb7 Kc4 70. a3 Bd2 71. Ba6+ Kc5 72. Bb7 Kd4 73. Bc6 Bf4 74. Bb7 Bd6 75. a4 Bb4 76. Bg2 Ke3 77. Bc6 Kf2 78. Be4 Kg1 79. Bd5 h1Q 80. Bxh1 Kxh1 81. Kd1 Kg2 82. Kc2 Kf2 83. Kd1 Ke3 84. Kc2 Ke2 0-1

[Event "Suwalki Warakomska Memorial-B 1st"]
[Site "Suwalki"]
[Date "2017.08.12"]
[Round "2"]
[White "Milanowski, Jan"]
[Black "Huchwajda, Grzegorz"]
[Result "1-0"]
[WhiteElo "1815"]
[BlackElo "1566"]
[PlyCount "115"]
[EventDate "2017.08.11"]
[EventType "swiss"]
[EventRounds "9"]
[EventCountry "POL"]
[SourceTitle "CBM 180 Extra"]
[Source "ChessBase"]
[SourceDate "2017.10.06"]
[SourceVersion "1"]
[SourceVersionDate "2017.10.06"]
[SourceQuality "1"]

1. c4 c5 2. Nc3 Nc6 3. g3 g6 4. Bg2 Bg7 5. d3 e6 6. Bf4 e5 7. Bd2 Nge7 8. Qc1 d6 9. Rb1 Rb8 10. a3 a5 11. b3 0-0 12. h4 h5 13. Nh3 Bf5 14. Ng5 Na7 15. Nd5 Nac6 16. Nc3 Na7 17. Nge4 Qd7 18. Bh6 f6 19. Bd2 b5 20. 0-0 b4 21. axb4 axb4 22. Na4 Nac6 23. Bh6 Kh7 24. Bxg7 Kxg7 25. e3 Nc8 26. Qd2 Nb6 27. Nxb6 Rxb6 28. Ra1 Rb7 29. Ra4 Rc8 30. Rfa1 Rcc7 31. Ra6 Ra7 32. R1a4 Rxa6 33. Rxa6 Bxe4 34. Bxe4 f5 35. Bg2 Ne7 36. Qb2 Ra7 37. Qa1 Rxa6 38. Qxa6 Kf6 39. Qb6 Kf7 40. Qb8 Ke6 41. Qb6 Kf6 42. d4 exd4 43. exd4 Nc8 44. Qb8 cxd4 45. Qxb4 Qa7 46. Bb7 Qb6 47. Qxb6 Nxb6 48. Kf1 g5 49. Bf3 g4 50. Bc6 Ke5 51. Ke2 f4 52. Be8 fxg3 53. fxg3 d5 54. c5 Nc8 55. b4 d3+ 56. Kxd3 Ne7 57. b5 Nc8 58. b6 1-0

[Event "Poznan op 24th"]
[Site "Poznan"]
[Date "2016.08.13"]
[Round "6"]
[White "Zurawski, Kamil"]
[Black "Huchwajda, Grzegorz"]
[Result "1-0"]
[WhiteElo "1701"]
[BlackElo "1470"]
[PlyCount "75"]
[EventDate "2016.08.08"]
[EventType "swiss"]
[EventRounds "9"]
[EventCountry "POL"]
[SourceTitle "CBM 173 Extra"]
[Source "ChessBase"]
[SourceDate "2016.08.29"]
[SourceVersion "1"]
[SourceVersionDate "2016.08.29"]
[SourceQuality "1"]

1. e4 c5 2. Nc3 Nc6 3. f4 g6 4. Nf3 Bg7 5. Bb5 Nd4 6. d3 a6 7. Bc4 e6 8. a4 Nc6 9. f5 Bh6 10. 0-0 Bxc1 11. Qxc1 gxf5 12. exf5 d5 13. fxe6 Bxe6 14. Ba2 Nge7 15. Qg5 Qd6 16. Rae1 0-0-0 17. Qf6 Rhg8 18. Ng5 Rg6 19. Nxf7 Bxf7 20. Qxd6 Rdxd6 21. Rxf7 Rde6 22. Rxe6 Rxe6 23. Kf2 Nd4 24. Rxh7 Nxc2 25. Nxd5 Nxd5 26. Bxd5 Rb6 27. Rh8+ Kc7 28. Rh7+ Kb8 29. b3 Nd4 30. g4 Nxb3 31. g5 Nd4 32. Be4 Rb2+ 33. Kf1 b5 34. axb5 axb5 35. g6 Rb1+ 36. Kg2 Rb2+ 37. Kg3 Ne2+ 38. Kg4 1-0

[Event "Poznan op 24th"]
[Site "Poznan"]
[Date "2016.08.12"]
[Round "5"]
[White "Huchwajda, Grzegorz"]
[Black "Walaszyk, Zbigniew"]
[Result "1-0"]
[WhiteElo "1470"]
[BlackElo "1329"]
[PlyCount "103"]
[EventDate "2016.08.08"]
[EventType "swiss"]
[EventRounds "9"]
[EventCountry "POL"]
[SourceTitle "CBM 173 Extra"]
[Source "ChessBase"]
[SourceDate "2016.08.29"]
[SourceVersion "1"]
[SourceVersionDate "2016.08.29"]
[SourceQuality "1"]

1. e4 c5 2. d4 cxd4 3. c3 e6 4. Nf3 Nc6 5. Be2 g6 6. 0-0 Bg7 7. cxd4 Nge7 8. d5 exd5 9. exd5 Ne5 10. Nc3 Nxf3+ 11. Bxf3 d6 12. Bf4 0-0 13. Nb5 Nf5 14. g4 a6 15. gxf5 axb5 16. fxg6 hxg6 17. Qd3 f5 18. Qxb5 Ra6 19. Rab1 Qh4 20. Bg3 Qd8 21. Qc4 Qf6 22. Be2 Rb6 23. f4 Rxb2 24. Rxb2 Qxb2 25. Bd3 Bd4+ 26. Bf2 Bxf2+ 27. Rxf2 Qb6 28. Kg2 Qd8 29. Re2 Rf7 30. Re3 Rh7 31. Rh3 Rxh3 32. Kxh3 Bd7 33. Qc2 Qb6 34. Qe2 Qd8 35. Kg3 Qe8 36. Qxe8+ Bxe8 37. Kh4 Kg7 38. Kg5 b5 39. a3 Bd7 40. h4 Kf7 41. Bc2 Kg7 42. Bb3 Kf7 43. Bd1 Kg7 44. h5 gxh5 45. Bxh5 Bc8 46. Be8 Ba6 47. Kxf5 Kf8 48. Bc6 Ke7 49. Kg6 Kf8 50. f5 Ke7 51. Kg7 Bc8 52. f6+ 1-0

[Event "Poznan op 24th"]
[Site "Poznan"]
[Date "2016.08.09"]
[Round "2"]
[White "Szymon, Jakub"]
[Black "Huchwajda, Grzegorz"]
[Result "1-0"]
[WhiteElo "1719"]
[BlackElo "1470"]
[PlyCount "45"]
[EventDate "2016.08.08"]
[EventType "swiss"]
[EventRounds "9"]
[EventCountry "POL"]
[SourceTitle "CBM 173 Extra"]
[Source "ChessBase"]
[SourceDate "2016.08.29"]
[SourceVersion "1"]
[SourceVersionDate "2016.08.29"]
[SourceQuality "1"]

1. e4 c5 2. Nf3 e6 3. d4 cxd4 4. Nxd4 a6 5. Nc3 d6 6. Be3 Nf6 7. f3 Nc6 8. Qd2 d5 9. exd5 Nxd5 10. Bf2 Bb4 11. Bc4 Nxc3 12. bxc3 Be7 13. Rd1 0-0 14. Qe3 Qa5 15. 0-0 Bf6 16. f4 Ne7 17. g4 b5 18. Nxe6 Bxe6 19. Bxe6 Rad8 20. Rxd8 Rxd8 21. Re1 h6 22. Bxf7+ Kxf7 23. Qe6+ 1-0

[Event "Poznan op 23rd"]
[Site "Poznan"]
[Date "2015.08.17"]
[Round "9"]
[White "Huchwajda, Grzegorz"]
[Black "Szymenderski, Michal"]
[Result "1-0"]
[WhiteElo "1488"]
[BlackElo "1464"]
[PlyCount "103"]
[EventDate "2015.08.10"]
[EventType "swiss"]
[EventRounds "9"]
[EventCountry "POL"]
[SourceTitle "EXT 2017"]
[Source "ChessBase"]
[SourceDate "2016.10.25"]
[SourceVersion "1"]
[SourceVersionDate "2016.10.25"]
[SourceQuality "1"]

1. e4 e6 2. d4 d5 3. exd5 exd5 4. Nf3 Bg4 5. h3 Bh5 6. Be2 Nc6 7. 0-0 Be7 8. Nc3 Nf6 9. Re1 0-0 10. Bg5 h6 11. Bh4 Re8 12. Ne5 Bxe2 13. Nxe2 Ne4 14. Bxe7 Rxe7 15. f3 Nf6 16. Ng3 g6 17. c3 Qd6 18. f4 Ne4 19. Nxe4 dxe4 20. Qg4 Nxe5 21. fxe5 Qb6 22. Rxe4 Qxb2 23. Rf1 Qxa2 24. Qh4 Qe6 25. Qxh6 f5 26. Rh4 Kf7 27. Qh7+ Ke8 28. Qh8+ Kd7 29. Qxa8 Qb6 30. Qh8 a5 31. Qf6 Qxf6 32. exf6 Rf7 33. Ra1 b6 34. Kf2 Rxf6 35. Ke3 Kc6 36. Rf4 Kb5 37. Kd3 Re6 38. c4+ Ka6 39. Rf3 Kb7 40. Re3 Rf6 41. Rae1 f4 42. Rf3 g5 43. Ref1 Rg6 44. g3 Rh6 45. g4 Rh8 46. Re1 Ra8 47. Re5 Rg8 48. Re7 Kc6 49. Rh7 Ra8 50. Rh6+ Kb7 51. Rg6 a4 52. d5 1-0

[Event "Poznan op 23rd"]
[Site "Poznan"]
[Date "2015.08.14"]
[Round "5"]
[White "Huchwajda, Grzegorz"]
[Black "Piechota, Jozef"]
[Result "1-0"]
[WhiteElo "1488"]
[BlackElo "1323"]
[PlyCount "129"]
[EventDate "2015.08.10"]
[EventType "swiss"]
[EventRounds "9"]
[EventCountry "POL"]
[SourceTitle "CBM 167 Extra"]
[Source "ChessBase"]
[SourceDate "2015.09.14"]
[SourceVersion "1"]
[SourceVersionDate "2015.09.14"]
[SourceQuality "1"]

1. e4 e5 2. Nf3 d6 3. d4 Nc6 4. d5 Nce7 5. c4 Nf6 6. Nc3 Ng6 7. g3 Bd7 8. Bg2 Rc8 9. 0-0 Be7 10. Be3 b6 11. b4 c6 12. Qd2 0-0 13. Qd3 Rc7 14. Rfc1 Qb8 15. Bg5 Rfc8 16. Ne2 h6 17. Bd2 cxd5 18. cxd5 Qb7 19. Rxc7 Rxc7 20. Rc1 Rxc1+ 21. Bxc1 a6 22. Nc3 Qa7 23. a3 Ng4 24. h3 Nf6 25. Kh2 b5 26. Qe3 Qb8 27. Bb2 Bd8 28. Qd2 Nh7 29. h4 Bg4 30. Qd3 Bb6 31. Nd1 Nf6 32. Bc1 Bh5 33. Kg1 Nf8 34. Be3 Bg6 35. Nd2 Qa7 36. Bxb6 Qxb6 37. Qc3 Bh5 38. Ne3 Kh7 39. Kf1 Qd4 40. Qxd4 exd4 41. Nf5 d3 42. f3 Ne8 43. Kf2 Nd7 44. g4 Bg6 45. f4 Bxf5 46. gxf5 Nb6 47. Bf1 Nc4 48. Ke1 Nxa3 49. Bxd3 f6 50. Kd1 Nc7 51. Nb3 Kg8 52. Na5 Kf8 53. Kc1 Ke7 54. Kb2 Nc4+ 55. Nxc4 bxc4 56. Bxc4 Kd7 57. h5 Kc8 58. Kc3 Kb7 59. Kd4 Kb6 60. e5 fxe5+ 61. fxe5 Nb5+ 62. Bxb5 dxe5+ 63. Kxe5 axb5 64. Ke6 Kc7 65. Ke7 1-0